| 000 | 00946cam a22002773a 4500 | ||
|---|---|---|---|
| 001 | 5146 | ||
| 003 | PGUSA | ||
| 005 | 20140828083114.0 | ||
| 008 | 040201s2004||||xxu|||||s|||||000 | eng d | ||
| 040 |
_aPGUSA _beng |
||
| 042 | _adc | ||
| 050 | 4 | _aF1001 | |
| 100 | 1 |
_aColby, Charles W. _q(Charles William), _d1867-1955 |
|
| 245 | 1 | 4 |
_aThe Fighting Governor : _bA Chronicle of Frontenac _h[electronic resource] / _cCharles W. Colby |
| 260 |
_bProject Gutenberg, _c2004 |
||
| 500 | _aText only version. See also PG#30258 with Illustrations. | ||
| 506 | _aPublic domain in the USA. | ||
| 516 | _aElectronic text | ||
| 653 | _aCanada -- History -- To 1763 (New France) | ||
| 653 | _aFrontenac, Louis de Buade, comte de, 1620-1698 | ||
| 700 | 1 |
_aLangton, H. H. _q(Hugh Hornby), _d1862-1953 |
|
| 700 | 1 |
_aWrong, George McKinnon, _d1860-1948 |
|
| 830 | 0 |
_aProject Gutenberg _v5146 |
|
| 856 | 4 | 0 | _uhttp://www.gutenberg.org/ebooks/5146 |
| 942 | _cEB | ||
| 999 |
_c234475 _d234475 |
||